UEFA Intertoto Cup Sieger - Statistiken

Allgemein
  • Dieses Quiz wurde 21 mal gespielt
  • Das Durchschnittsergebnis liegt bei 7 aus 35
Antwortstatistiken
Jahr Sieger % Korrekt
2000 VfB Stuttgart
76%
2002 VfB Stuttgart
76%
2003 FC Schalke 04
52%
2004 FC Schalke 04
52%
1998 FC Valencia
33%
2005 Hamburger SV
33%
2007 Hamburger SV
33%
1998 Werder Bremen
29%
2001 Paris Saint-Germain
24%
2000 Udinese Calcio
24%
1995 Girondins Bordeaux
19%
1999 Montpellier HSC
19%
1997 Olympique Lyon
19%
2005 Olympique Marseille
19%
2004 OSC Lille
19%
1999 Juventus Turin
14%
2006 Newcastle United
14%
1997 AJ Auxerre
10%
2002 FC Fulham
10%
2003 FC Villarreal
10%
2004 FC Villarreal
10%
1996 Karlsruher SC
10%
1995 Racing Straßburg
10%
2005 RC Lens
10%
2008 Sporting Braga
10%
2003 AC Perugia Calcio
5%
2001 Aston Villa
5%
2000 Celta Vigo
5%
1996 EA Guingamp
5%
2001 ES Troyes Ac
5%
1998 FC Bologna
5%
2002 FC Málaga
5%
1997 SC Bastia
5%
1996 Silkeborg IF
5%
1999 West Ham United
5%
Keine übereinstimmenden Quizze gefunden
Verteilung der Resultate
Anzahl Personen mit jedem Resultat
Perzentil nach korrekt beantworteten Fragen
Ihre Resultats-Entwicklung
Sie haben dieses Quiz noch nicht gespielt